A Manual of International Law.Volume 1/ (Record no. 13033)

MARC details
000 -LEADER
fixed length control field 01007cam a22002771i 4500
001 - CONTROL NUMBER
control field 7884584
005 - DATE AND TIME OF LATEST TRANSACTION
control field 20050803185610.0
008 - FIXED-LENGTH DATA ELEMENTS--GENERAL INFORMATION
fixed length control field 790622s1960 enk | b 000 0 eng d
010 ## - LIBRARY OF CONGRESS CONTROL NUMBER
LC control number 48012771
035 ## - SYSTEM CONTROL NUMBER
System control number (OCoLC)5094449
040 ## - CATALOGING SOURCE
Original cataloging agency DLC
Transcribing agency ICarbS-L
Modifying agency OCoLC
-- CLU
-- DLC
042 ## - AUTHENTICATION CODE
Authentication code premarc
050 00 - LIBRARY OF CONGRESS CALL NUMBER
Classification number JX3275
Item number .S32
082 ## - DEWEY DECIMAL CLASSIFICATION NUMBER
Classification number 341
Item number SCH
Edition number 22
100 1# - MAIN ENTRY--PERSONAL NAME
Personal name Schwarzenberger, Georg,
Dates associated with a name 1908-
9 (RLIN) 9618
245 12 - TITLE STATEMENT
Title A Manual of International Law.Volume 1/
Remainder of title By Georg Schwarzenberger
Name of part/section of a work Volume 1
250 ## - EDITION STATEMENT
Edition statement 4th ed.
Remainder of edition statement in two volumes
260 ## - PUBLICATION, DISTRIBUTION, ETC. (IMPRINT)
Place of publication, distribution, etc London:
Name of publisher, distributor, etc Stevens & Sons,
Date of publication, distribution, etc 1960
300 ## - PHYSICAL DESCRIPTION
Extent 382 p.;
Dimensions 22 cm.
440 #4 -
-- The Library of world affairs ;
-- no. 1
-- 9619
500 ## - GENERAL NOTE
General note Donated by: Alaa Abdel Ghany
504 ## - BIBLIOGRAPHY, ETC. NOTE
Bibliography, etc Includes bibliographical references.
650 #0 - SUBJECT ADDED ENTRY--TOPICAL TERM
Topical term or geographic name as entry element International law.
9 (RLIN) 9620
942 ## - ADDED ENTRY ELEMENTS (KOHA)
Source of classification or shelving scheme Dewey Decimal Classification
Item type Book - Borrowing
Holdings
Withdrawn status Item status Source of classification or shelving scheme Damaged status Not for loan Vendor Home library Current library Shelving location Date acquired Source of acquisition Total Checkouts Total Renewals Full call number Barcode Date last seen Date last borrowed Koha item type Public note
    Dewey Decimal Classification       Central Library Central Library First floor 14/12/2009 Donation 3 3 341 SCH 000019256 15/07/2025 10/04/2014 Book - Borrowing donated by Alaa AbdelGhaney